[Event "Hamburger SK-FC Ergolding"]
[Site "Naumburg"]
[Date "2010.12.28"]
[Round "3.3"]
[White "Schnurr, Christian"]
[Black "Gröning, Finn Jonathan"]
[Result "1-0"]
[WhiteElo "1830"]
[BlackElo "1687"]
[PlyCount "95"]
[EventDate "2010.??.??"]
[WhiteTeam "FC Ergolding"]
[BlackTeam "Hamburger SK"]

1. e4 c6 2. Nc3 d5 3. Nf3 dxe4 4. Nxe4 Bg4 5. Bc4 e6 6. h3 Bxf3 7. Qxf3 Nd7 8.
d4 Ngf6 9. Bg5 Be7 10. O-O-O Nxe4 11. Bxe7 Qxe7 12. Qxe4 Nb6 13. Bd3 O-O-O 14.
f4 Qf6 15. c3 Nd5 16. Rhf1 Rhe8 17. Rde1 h6 18. Qf3 g6 19. Re5 b5 20. g3 Kc7
21. Qe4 a5 22. g4 a4 23. a3 Qe7 24. f5 gxf5 25. gxf5 Nxc3 26. bxc3 Qxa3+ 27.
Kd2 Qb2+ 28. Bc2 b4 29. Rc5 Rd5 30. Rb1 bxc3+ 31. Rxc3 Qa2 32. Rb4 a3 33. Ra4
e5 34. Rcxa3 Qxa3 35. Rxa3 Rxd4+ 36. Qxd4 exd4 37. Ra7+ Kb6 38. Rxf7 Re3 39.
Rd7 Rxh3 40. Rxd4 Rh2+ 41. Kc3 h5 42. Rf4 Rg2 43. f6 Rg8 44. f7 Rf8 45. Bb3 Kc7
46. Rh4 Kd7 47. Rxh5 Kd6 48. Rg5 1-0

[Event "Sabt Frankfurter TV 1860-SC 1911 Großröh"]
[Site "Naumburg"]
[Date "2010.12.28"]
[Round "3.1"]
[White "Möhn, Hans"]
[Black "Medvedovski, Michael"]
[Result "0-1"]
[WhiteElo "1994"]
[BlackElo "1916"]
[PlyCount "130"]
[EventDate "2010.??.??"]
[WhiteTeam "SC 1911 Großröhrsdorf"]
[BlackTeam "Sabt Frankfurter TV 1860"]

1. e4 c5 2. Nf3 Nc6 3. d4 cxd4 4. Nxd4 e5 5. Nb5 a6 6. Nd6+ Bxd6 7. Qxd6 Qf6 8.
Qc7 Nge7 9. Nc3 Nb4 10. Bd3 d5 11. O-O d4 12. Ne2 O-O 13. f4 Bg4 14. Qc4 Qb6
15. Bd2 Nec6 16. Bxb4 Nxb4 17. a3 Bxe2 18. axb4 Bxf1 19. Rxf1 Rac8 20. Qb3 exf4
21. Rxf4 Qe6 22. Qd5 Qb6 23. Qb3 Kh8 24. g3 f6 25. Kg2 Qc6 26. Qd5 Rfd8 27. Qh5
Qe8 28. Qf5 Qd7 29. Qh5 Qe8 30. Qf5 Qe5 31. Qxe5 fxe5 32. Rf7 b5 33. Ra7 Ra8
34. Re7 Re8 35. Rb7 Kg8 36. Kf2 Kf8 37. Ke1 Re7 38. Rb6 Kf7 39. Kd2 Re6 40.
Rb7+ Re7 41. Rb6 Re6 42. Rb7+ Kf6 43. Be2 Rc6 44. Bg4 Rd8 45. h4 Rdd6 46. Bd7
Rc4 47. g4 h6 48. b3 Rc3 49. Be8 Rc8 50. Bf7 Rcd8 51. Bd5 R8d7 52. Rb8 Re7 53.
Ra8 Kg6 54. c4 dxc3+ 55. Kxc3 Rf6 56. Kd3 Rf3+ 57. Ke2 Rf6 58. Kd3 Rc7 59. Re8
Rf3+ 60. Ke2 Rh3 61. h5+ Kg5 62. Rxe5+ Kh4 63. Rf5 Rc2+ 64. Kd1 Ra2 65. e5 Rhh2
0-1

[Event "SK Gernsheim-Stader SV"]
[Site "Naumburg"]
[Date "2010.12.28"]
[Round "3.1"]
[White "Bauschmann, Christoph"]
[Black "Di Capua, Francesco Stefano"]
[Result "1/2-1/2"]
[WhiteElo "1910"]
[BlackElo "1743"]
[PlyCount "24"]
[EventDate "2010.??.??"]
[WhiteTeam "Stader SV"]
[BlackTeam "SK Gernsheim"]

1. e4 e5 2. Nf3 Nc6 3. Bb5 g6 4. O-O Bg7 5. c3 a6 6. Ba4 d6 7. Re1 Bd7 8. d4
Nf6 9. Nbd2 O-O 10. Nf1 Nh5 11. Ne3 Rc8 12. a3 Re8 1/2-1/2

[Event "SF Köln-Mülheim-SK Ettlingen"]
[Site "Naumburg"]
[Date "2010.12.28"]
[Round "3.3"]
[White "Weber, Clemens"]
[Black "Eigemann, Julian"]
[Result "0-1"]
[WhiteElo "1504"]
[BlackElo "1908"]
[PlyCount "70"]
[EventDate "2010.??.??"]
[WhiteTeam "SK Ettlingen"]
[BlackTeam "SF Köln-Mülheim"]

1. e4 c5 2. Nf3 d6 3. d4 cxd4 4. Nxd4 Nf6 5. Nc3 a6 6. Be2 e6 7. Be3 Nbd7 8.
O-O b5 9. Bf3 Ne5 10. Be2 b4 11. Nb1 Bb7 12. f3 d5 13. exd5 Nxd5 14. Bf2 Rc8
15. Re1 Bd6 16. Nd2 O-O 17. Ne4 Ng6 18. Nxd6 Qxd6 19. Bf1 e5 20. Nf5 Qf6 21.
Ng3 Rfd8 22. Qc1 Ngf4 23. Ne4 Qe7 24. Ng3 Qc7 25. b3 h5 26. Qb2 Nc3 27. Rac1
Rd7 28. Ne2 Ncxe2+ 29. Bxe2 Rd2 30. Bc4 Bxf3 31. gxf3 Nh3+ 32. Kh1 Nxf2+ 33.
Kg1 Qc6 34. Bf1 Qg6+ 35. Bg2 Nh3+ 0-1

[Event "Heilbronner SV-SF 1974 Heinsberg"]
[Site "Naumburg"]
[Date "2010.12.28"]
[Round "3.1"]
[White "Bender, Andreas"]
[Black "Wenninger, Philipp"]
[Result "1/2-1/2"]
[WhiteElo "1912"]
[BlackElo "2133"]
[PlyCount "73"]
[EventDate "2010.??.??"]
[WhiteTeam "SF 1974 Heinsberg"]
[BlackTeam "Heilbronner SV"]

1. d4 c6 2. Nf3 d5 3. c4 Nf6 4. Nc3 a6 5. cxd5 cxd5 6. Bf4 Nc6 7. e3 Bf5 8. a3
e6 9. Bd3 Bxd3 10. Qxd3 Bd6 11. Bxd6 Qxd6 12. O-O O-O 13. Rac1 b5 14. a4 b4 15.
Ne2 Rfc8 16. Rc2 Na5 17. b3 Rxc2 18. Qxc2 Qc6 19. Qxc6 Nxc6 20. Nd2 Kf8 21. Rc1
Rc8 22. Nf4 Nd7 23. Nd3 a5 24. Kf1 Ke7 25. Ke2 f6 26. f4 Kd6 27. Nf3 Re8 28.
Kd2 Rf8 29. Ke2 h6 30. h4 Rg8 31. h5 Re8 32. Nh4 Rc8 33. Kf2 Ne7 34. Rxc8 Nxc8
35. Ng6 Ncb6 36. Ke2 Nc8 37. g4 1/2-1/2

[Event "Karlsruher SF-Erfurter Schachklub"]
[Site "Naumburg"]
[Date "2010.12.28"]
[Round "3.3"]
[White "Reichardt, Albert"]
[Black "Bykov, Ilya"]
[Result "0-1"]
[WhiteElo "1470"]
[BlackElo "1478"]
[PlyCount "114"]
[EventDate "2010.??.??"]
[WhiteTeam "Erfurter Schachklub"]
[BlackTeam "Karlsruher SF"]

1. e4 c5 2. b4 cxb4 3. a3 d6 4. axb4 Nf6 5. d3 g6 6. Nf3 Bg7 7. Bb2 Qb6 8. c3
Nc6 9. Nbd2 O-O 10. d4 Bg4 11. h3 Bd7 12. Nc4 Qc7 13. Bd3 b6 14. O-O a5 15. b5
Nd8 16. Ne3 Qb7 17. e5 dxe5 18. Nxe5 Ne6 19. Nxd7 Qxd7 20. f4 Bh6 21. Qf3 Nxf4
22. Nd1 Nxd3 23. Qxd3 Bg7 24. Nf2 Rac8 25. c4 e6 26. Rfc1 Rfd8 27. Ra3 Ne8 28.
Rd1 Nd6 29. Rc3 Nf5 30. Rcc1 Bxd4 31. Bxd4 Qxd4 32. Qf3 Qe3 33. Qg4 h5 34. Qe4
Rxd1+ 35. Rxd1 Qxe4 36. Nxe4 Ne3 37. Rd4 Rxc4 38. Nf6+ Kg7 39. Ne8+ Kh6 40. Rd8
Rc2 41. g3 Rg2+ 42. Kh1 Rxg3 43. Kh2 Rg2+ 44. Kh1 Rf2 45. Nd6 g5 46. Ne4 Rf1+
47. Kh2 f6 48. Rd6 Nd5 49. Rxe6 Kg6 50. Rd6 Rf4 51. Ng3 h4 52. Nh1 Rf5 53. Kg1
Nc3 54. Rxb6 Rxb5 55. Rc6 Ne2+ 56. Kf2 Nf4 57. Rc3 Rb1 0-1

[Event "Empor Berlin-Naumburger SV 1951"]
[Site "Naumburg"]
[Date "2010.12.28"]
[Round "3.2"]
[White "Kazman, Caner"]
[Black "Franke, Oliver"]
[Result "1-0"]
[WhiteElo "1781"]
[BlackElo "1485"]
[PlyCount "91"]
[EventDate "2010.??.??"]
[WhiteTeam "Empor Berlin"]
[BlackTeam "Naumburger SV 1951"]

1. d4 Nf6 2. c4 e6 3. Nf3 d5 4. Nc3 Be7 5. Bg5 Nbd7 6. e3 c6 7. Bd3 dxc4 8.
Bxc4 b5 9. Bb3 Bb7 10. Bc2 Rc8 11. O-O a6 12. e4 O-O 13. e5 Nd5 14. Bxe7 Nxe7
15. Ne4 h6 16. Nd6 Rc7 17. Qd3 g6 18. Nd2 Nf5 19. N2e4 Qe7 20. Nxf5 exf5 21.
Nd6 c5 22. Nxb7 Rxb7 23. f4 Rc7 24. d5 c4 25. Qd4 Qc5 26. Rad1 Re8 27. Rfe1
Qxd4+ 28. Rxd4 Nc5 29. Re3 Rd7 30. Bd1 Ne6 31. Rd2 Nxf4 32. Bf3 f6 33. e6 Nxe6
34. Rde2 Rd6 35. Rxe6 Rdxe6 36. dxe6 Kf8 37. Bc6 Re7 38. Bd7 f4 39. Rd2 f5 40.
Rd6 a5 41. Rd5 b4 42. Rxa5 c3 43. bxc3 bxc3 44. Rc5 Rxd7 45. exd7 Ke7 46. Rxc3
1-0

[Event "Empor Berlin-Naumburger SV 1951"]
[Site "Naumburg"]
[Date "2010.12.28"]
[Round "3.3"]
[White "Weißenburg, Isabel"]
[Black "Lachmann, Daniel"]
[Result "1/2-1/2"]
[WhiteElo "1575"]
[BlackElo "1670"]
[PlyCount "99"]
[EventDate "2010.??.??"]
[WhiteTeam "Naumburger SV 1951"]
[BlackTeam "Empor Berlin"]

1. e4 e6 2. d4 d5 3. Nc3 dxe4 4. Nxe4 Bd7 5. Bd3 Bc6 6. c3 Nd7 7. Nf3 Ngf6 8.
Ng3 Be7 9. O-O O-O 10. Re1 b6 11. Ne5 Bb7 12. Qe2 c5 13. Nxd7 Qxd7 14. dxc5
Bxc5 15. b4 Be7 16. Bb2 Nd5 17. Rad1 Qc6 18. Be4 Qc7 19. a3 Bf6 20. Qc2 h6 21.
Nh5 Be5 22. Bh7+ Kh8 23. c4 Bxb2 24. Qxb2 Nf6 25. Nxf6 gxf6 26. Bd3 Qf4 27. Re3
Rg8 28. Bf1 e5 29. Rd7 Bxg2 30. Bxg2 Rxg2+ 31. Kxg2 Qg4+ 32. Rg3 Qxd7 33. Qc1
Qc6+ 34. Kf1 Qh1+ 35. Rg1 Qxh2 36. Qe3 Rg8 37. Rxg8+ Kxg8 38. Qf3 Qh4 39. c5
Qc4+ 40. Kg2 bxc5 41. bxc5 Qxc5 42. Qxf6 Qd5+ 43. Kg1 Qd1+ 44. Kg2 Qg4+ 45. Kf1
Qh3+ 46. Kg1 Qxa3 47. Qxh6 Qe7 48. Qa6 Qc5 49. Qh6 a5 50. Qg5+ 1/2-1/2

[Event "LSV Turm Lippstadt-BSG Chemie Leipzig"]
[Site "Naumburg"]
[Date "2010.12.28"]
[Round "3.4"]
[White "Barkey, Thies"]
[Black "Schlimpert, Vanessa"]
[Result "1-0"]
[WhiteElo "1447"]
[BlackElo "1305"]
[PlyCount "81"]
[EventDate "2010.??.??"]
[WhiteTeam "LSV Turm Lippstadt"]
[BlackTeam "BSG Chemie Leipzig"]

1. e4 c6 2. d4 d5 3. exd5 cxd5 4. Nf3 Bf5 5. Bf4 Nc6 6. Nc3 e6 7. a3 Nf6 8. Bd3
Bg4 9. h3 Bxf3 10. gxf3 Nxd4 11. Nb5 Nxb5 12. Bxb5+ Nd7 13. Qd3 a6 14. Bxd7+
Qxd7 15. O-O-O b5 16. Rhe1 Rd8 17. Qd4 Rg8 18. Re2 a5 19. Bg5 Be7 20. Bf4 Bf6
21. Be5 Bxe5 22. Rxe5 Qe7 23. Qb6 b4 24. a4 Qd6 25. Qb5+ Ke7 26. Rdxd5 Qxd5 27.
Rxd5 Rxd5 28. Qc4 Rgd8 29. b3 Rh5 30. Qg4 g6 31. h4 Rhd5 32. Qf4 Rd1+ 33. Kb2
Rf1 34. Qg5+ Ke8 35. Qb5+ Kf8 36. Qxf1 Rd4 37. Qb5 Rd5 38. Qc4 Kg7 39. c3 Rd2+
40. Kc1 bxc3 41. Qxc3+ 1-0

[Event "SK Bebenhausen-SSC Rostock"]
[Site "Naumburg"]
[Date "2010.12.28"]
[Round "3.1"]
[White "Weber, Max"]
[Black "Zimmermann, Ulrich"]
[Result "1/2-1/2"]
[WhiteElo "1970"]
[BlackElo "2030"]
[PlyCount "81"]
[EventDate "2010.??.??"]
[WhiteTeam "SSC Rostock"]
[BlackTeam "SK Bebenhausen"]

1. d4 d5 2. c4 c6 3. Nf3 Nf6 4. e3 Bf5 5. Nc3 e6 6. Nh4 Bg6 7. Be2 Nbd7 8. O-O
dxc4 9. Nxg6 hxg6 10. Bxc4 b5 11. Bd3 Bd6 12. h3 a6 13. e4 e5 14. Ne2 exd4 15.
Nxd4 Ne5 16. Bc2 O-O 17. Bf4 c5 18. Nf3 Qe7 19. Qe2 Nxf3+ 20. Qxf3 Be5 21. Rad1
Rfd8 22. b3 Bxf4 23. Qxf4 Nh5 24. Qe3 g5 25. g3 Qe5 26. Kg2 c4 27. bxc4 bxc4
28. Qe2 Qc3 29. Bb1 Nf6 30. Rc1 Qe5 31. Rxc4 Rab8 32. Rd1 Rxd1 33. Qxd1 Rb2 34.
Rc1 g6 35. Rc8+ Ne8 36. Qd7 Kf8 37. Qd1 Qe6 38. Qd4 Rxf2+ 39. Kxf2 Qxc8 40.
Qh8+ Ke7 41. Qe5+ 1/2-1/2

[Event "SK Bebenhausen-SSC Rostock"]
[Site "Naumburg"]
[Date "2010.12.28"]
[Round "3.3"]
[White "Pererva, Viktor"]
[Black "Gibicar, Danijel"]
[Result "0-1"]
[WhiteElo "1808"]
[BlackElo "2047"]
[PlyCount "60"]
[EventDate "2010.??.??"]
[WhiteTeam "SSC Rostock"]
[BlackTeam "SK Bebenhausen"]

1. e4 e6 2. d4 d5 3. Nc3 Bb4 4. e5 c5 5. Qg4 Ne7 6. a3 Bxc3+ 7. bxc3 Qc7 8.
Qxg7 Rg8 9. Qxh7 cxd4 10. Ne2 Nbc6 11. f4 Bd7 12. Qd3 dxc3 13. Nxc3 a6 14. Be3
Nf5 15. Bf2 Rc8 16. Ne2 Na5 17. Nd4 Nxd4 18. Bxd4 Qxc2 19. Qxc2 Rxc2 20. g3 Nb3
21. Rd1 Nxd4 22. Rxd4 Ke7 23. Be2 Rgc8 24. Bd1 Ra2 25. Rb4 Rc3 26. Rxb7 Re3+
27. Kf1 Kd8 28. a4 Bc6 29. Rb1 d4 30. Rg1 Be4 0-1

[Event "Hamburger SK-FC Ergolding"]
[Site "Naumburg"]
[Date "2010.12.28"]
[Round "3.1"]
[White "Schindlbeck, Tobias"]
[Black "Hinrichs, Jan"]
[Result "1-0"]
[WhiteElo "2052"]
[BlackElo "1885"]
[PlyCount "65"]
[EventDate "2010.??.??"]
[WhiteTeam "FC Ergolding"]
[BlackTeam "Hamburger SK"]

1. d4 d5 2. Nf3 c5 3. e3 e6 4. b3 Nf6 5. Bb2 Nc6 6. Bd3 cxd4 7. exd4 Bd6 8. O-O
O-O 9. a3 Qc7 10. Nbd2 Re8 11. Re1 e5 12. dxe5 Nxe5 13. Nxe5 Bxe5 14. Bxe5 Rxe5
15. Rxe5 Qxe5 16. Nf3 Qb2 17. Qc1 Qc3 18. Qe1 Qc5 19. Qb4 Qc7 20. Re1 Bd7 21.
Qd4 Qd6 22. Qb4 Qc7 23. Re7 a5 24. Qe1 Qd6 25. a4 Ne4 26. Re5 f6 27. Rxd5 Qxd5
28. Bc4 Qxc4 29. bxc4 Nc5 30. Qe7 Rc8 31. h4 Bxa4 32. Nd4 Bxc2 33. Ne6 1-0

[Event "Hamburger SK-FC Ergolding"]
[Site "Naumburg"]
[Date "2010.12.28"]
[Round "3.2"]
[White "Hinrichs, Lars"]
[Black "Oberpriller, Johannes"]
[Result "1-0"]
[WhiteElo "1805"]
[BlackElo "1801"]
[PlyCount "90"]
[EventDate "2010.??.??"]
[WhiteTeam "Hamburger SK"]
[BlackTeam "FC Ergolding"]

1. c4 c5 2. g3 g6 3. Bg2 Bg7 4. Nc3 Nc6 5. a3 e5 6. b4 Nge7 7. bxc5 Qa5 8. Nb5
O-O 9. a4 e4 10. Rb1 a6 11. Nd6 Qxc5 12. Nxe4 Qxc4 13. Ba3 Rd8 14. Nd6 Qe6 15.
Nf3 h6 16. O-O b5 17. axb5 axb5 18. Nxb5 Qa2 19. Bc5 Nd5 20. Nfd4 Bb7 21. Nd6
Nxd4 22. Bxd4 Bxd4 23. Nxb7 Rdb8 24. d3 Bg7 25. Nc5 Rxb1 26. Qxb1 Qxb1 27. Rxb1
Rc8 28. Nxd7 Ne7 29. d4 Nf5 30. Bh3 Rc7 31. Bxf5 gxf5 32. Rb8+ Kh7 33. Nf8+
Bxf8 34. Rxf8 Kg7 35. Ra8 Rc6 36. Kg2 Kg6 37. Kf3 Kg5 38. Ra5 Kg6 39. h4 Rc2
40. Ra6+ f6 41. Ra1 Rd2 42. Rf1 Kf7 43. Kf4 Ke6 44. f3 Rxe2 45. Ra1 Kf7 1-0

[Event "Hamburger SK-FC Ergolding"]
[Site "Naumburg"]
[Date "2010.12.28"]
[Round "3.4"]
[White "Sander, Dan Allan"]
[Black "Schoepe, Tobias"]
[Result "0-1"]
[WhiteElo "1659"]
[BlackElo "1739"]
[PlyCount "74"]
[EventDate "2010.??.??"]
[WhiteTeam "Hamburger SK"]
[BlackTeam "FC Ergolding"]

1. c4 e5 2. g3 Nc6 3. Bg2 Nf6 4. Nc3 Bb4 5. a3 Bxc3 6. bxc3 O-O 7. d3 d5 8.
cxd5 Nxd5 9. Bd2 h6 10. Nf3 Kh8 11. O-O Bg4 12. h3 Bxf3 13. Bxf3 f5 14. Rb1 Nb6
15. Bg2 f4 16. Kh2 Rb8 17. Qc1 Qd6 18. Be4 Nd7 19. Bf3 Nc5 20. Rg1 Ne6 21. h4
Nc5 22. gxf4 exf4 23. d4 Nd7 24. Rg4 Nf6 25. Rg6 Qe7 26. Bxf4 Ne4 27. Bg3 Nxg3
28. fxg3 Rf6 29. Rxf6 Qxf6 30. Qf4 Qg6 31. Be4 Qe8 32. Qf5 Qg8 33. Rf1 Re8 34.
Bd3 Ne7 35. Qf7 Qxf7 36. Rxf7 Nd5 37. c4 Ne7 0-1

[Event "Sabt Frankfurter TV 1860-SC 1911 Großröh"]
[Site "Naumburg"]
[Date "2010.12.28"]
[Round "3.2"]
[White "Diyap, Murat"]
[Black "Gerntke, Oliver"]
[Result "1/2-1/2"]
[WhiteElo "1758"]
[BlackElo "1857"]
[PlyCount "102"]
[EventDate "2010.??.??"]
[WhiteTeam "Sabt Frankfurter TV 1860"]
[BlackTeam "SC 1911 Großröhrsdorf"]

1. e4 e6 2. d4 d5 3. e5 c5 4. dxc5 Bxc5 5. Bd3 Ne7 6. Nf3 Nbc6 7. O-O Ng6 8.
Qe2 Nd4 9. Nxd4 Bxd4 10. c3 Bb6 11. Nd2 Bd7 12. Nf3 a6 13. Be3 Bxe3 14. Qxe3
Bc6 15. Nd4 Ne7 16. f4 g6 17. b4 Nf5 18. Nxf5 gxf5 19. Rad1 Rg8 20. Rd2 h5 21.
Qd4 Qd7 22. Rfd1 O-O-O 23. Be2 h4 24. Qc5 Kb8 25. Bf3 Qc7 26. Qf2 h3 27. g3 Ba4
28. Rc1 Bb5 29. Rd4 Bc4 30. Qb2 Rg7 31. Be2 Rdg8 32. Bxc4 dxc4 33. Qf2 Rd8 34.
Rcd1 Rgg8 35. Qd2 Rxd4 36. Qxd4 Qc6 37. Qd6+ Qxd6 38. Rxd6 Kc7 39. Kf2 Ra8 40.
a4 f6 41. Rxe6 fxe5 42. fxe5 Rd8 43. Rd6 Rxd6 44. exd6+ Kxd6 45. Ke3 Ke5 46. a5
Kd5 47. Kf4 Ke6 48. g4 fxg4 49. Kxg4 Ke5 50. Kf3 Kf5 51. Ke3 Ke5 1/2-1/2

[Event "Sabt Frankfurter TV 1860-SC 1911 Großröh"]
[Site "Naumburg"]
[Date "2010.12.28"]
[Round "3.3"]
[White "Plaettner, Stefan"]
[Black "Keller, Peter"]
[Result "1-0"]
[WhiteElo "1743"]
[BlackElo "1749"]
[PlyCount "117"]
[EventDate "2010.??.??"]
[WhiteTeam "SC 1911 Großröhrsdorf"]
[BlackTeam "Sabt Frankfurter TV 1860"]

1. e4 {[%emt 0:00:00]} e5 {[%emt 0:00:02]} 2. Nf3 {[%emt 0:00:01]} Nc6 {
[%emt 0:00:02]} 3. Bb5 a6 4. Ba4 Nf6 5. O-O b5 6. Bb3 Bc5 7. c3 Bb6 8. Re1 d6
9. h3 Bb7 10. d4 O-O 11. Bg5 Re8 12. Bc2 Nb8 13. dxe5 dxe5 14. Qxd8 Rxd8 15.
Nxe5 Re8 16. Bxf6 gxf6 17. Ng4 Kg7 18. Nd2 Nd7 19. Rad1 Rad8 20. Nb3 Nc5 21.
Rxd8 Rxd8 22. e5 fxe5 23. Nxc5 Bxc5 24. Rxe5 Rd5 25. Rxd5 Bxd5 26. b3 f6 27.
Bxh7 Be6 28. Bd3 Bxg4 29. hxg4 Bd6 30. g3 Be5 31. c4 bxc4 32. Bxc4 a5 33. f4
Bd6 34. Kg2 Bb4 35. Kh3 Bd6 36. Kh4 Be7 37. Kh5 Bd8 38. g5 fxg5 39. fxg5 Be7
40. Kg4 Bd6 41. Bd3 Be7 42. Kf5 Bd6 43. g4 Bb4 44. Ke5 Bd6+ 45. Kd5 Bb4 46. Kc6
Bd6 47. Bf5 Kf8 48. Kb5 Bb4 49. Ka4 Bc3 50. a3 Kg7 51. Kb5 Bb2 52. b4 axb4 53.
Kxb4 c5+ 54. Kb3 Bc1 55. a4 Bxg5 56. Kc4 Be7 57. a5 Bd8 58. a6 Bb6 59. g5 1-0

[Event "SK Gernsheim-Stader SV"]
[Site "Naumburg"]
[Date "2010.12.28"]
[Round "3.2"]
[White "Fornoff, Robin"]
[Black "Konow, Philipp"]
[Result "0-1"]
[WhiteElo "1663"]
[BlackElo "1946"]
[PlyCount "100"]
[EventDate "2010.??.??"]
[WhiteTeam "SK Gernsheim"]
[BlackTeam "Stader SV"]

1. e4 {[%emt 0:00:00]} c5 2. c3 d5 3. exd5 Qxd5 4. d4 Nf6 5. Nf3 Bg4 6. Be2 e6
7. O-O Nc6 8. h3 Bh5 9. Be3 cxd4 10. cxd4 Be7 11. Nc3 Qd6 12. Rc1 Rd8 13. Qd2
O-O 14. Rfd1 Nd5 15. Ne4 Qb8 16. a3 a5 17. Nc3 Rd7 18. Ne5 Nxe5 19. Bxh5 Nc4
20. Qe2 Ncxe3 21. fxe3 Bg5 22. Nxd5 exd5 23. Rc3 Re7 24. Qf2 Qd6 25. Re1 Rfe8
26. Rb3 Qh6 27. Bf3 a4 28. Rc3 Rxe3 29. Rexe3 Bxe3 30. Qxe3 Qxe3+ 31. Rxe3 Rxe3
32. Bxd5 Re7 33. Bf3 Re1+ 34. Kh2 Rb1 35. Bxb7 Rxb2 36. Bc6 Rb3 37. Bxa4 Rxa3
38. Bc6 Kf8 39. Bf3 Rd3 40. d5 Ke7 41. Kg3 Kd6 42. Kf4 Rxf3+ 43. Kxf3 Kxd5 44.
Kf4 Kd4 45. g4 h6 46. h4 Kd3 47. g5 hxg5+ 48. hxg5 Kd4 49. Kf5 Kd5 50. Kf4 g6
0-1

[Event "SK Gernsheim-Stader SV"]
[Site "Naumburg"]
[Date "2010.12.28"]
[Round "3.4"]
[White "Hofmann, Christoph"]
[Black "Vogt, Marc Jonas"]
[Result "1/2-1/2"]
[WhiteElo "1640"]
[BlackElo "1791"]
[PlyCount "123"]
[EventDate "2010.??.??"]
[WhiteTeam "SK Gernsheim"]
[BlackTeam "Stader SV"]

1. d4 d5 2. c4 e6 3. cxd5 exd5 4. Nc3 Nf6 5. Bg5 Nbd7 6. Nf3 Bb4 7. Qb3 c5 8.
dxc5 Qa5 9. a3 Bxc3+ 10. Qxc3 Qxc3+ 11. bxc3 Ne4 12. Be3 O-O 13. Bd4 Ndxc5 14.
Bxc5 Nxc5 15. e3 Bf5 16. c4 dxc4 17. Bxc4 Rfd8 18. Nd4 Be4 19. O-O Rac8 20.
Rac1 Nd3 21. Rc3 Ne5 22. Rfc1 Nxc4 23. Rxc4 Rxc4 24. Rxc4 Kf8 25. f3 Bd5 26.
Rc7 Ke8 27. e4 Bxe4 28. fxe4 Rxd4 29. Rxb7 Ra4 30. e5 Kf8 31. g3 Rxa3 32. Kg2
g6 33. Kh3 a5 34. Kg4 h6 35. Ra7 Ra2 36. h3 Ra1 37. Kf3 a4 38. Kg2 a3 39. Kf2
a2 40. Kg2 h5 41. h4 Re1 42. Rxa2 Rxe5 43. Ra7 Re7 44. Ra4 Kg7 45. Rf4 f6 46.
Ra4 Re5 47. Ra7+ Kh6 48. Ra6 Rf5 49. Rb6 g5 50. hxg5+ Kxg5 51. Rb4 Re5 52. Rb8
Ra5 53. Rb2 h4 54. gxh4+ Kxh4 55. Kf3 Kg5 56. Rb4 f5 57. Rb3 Ra1 58. Kf2 f4 59.
Rc3 Kg4 60. Rb3 Ra2+ 61. Kf1 f3 62. Rb8 1/2-1/2

[Event "SF Köln-Mülheim-SK Ettlingen"]
[Site "Naumburg"]
[Date "2010.12.28"]
[Round "3.1"]
[White "Imgrunt, Philipp"]
[Black "Pauly, Carlo"]
[Result "0-1"]
[WhiteElo "1550"]
[BlackElo "2029"]
[PlyCount "80"]
[EventDate "2010.??.??"]
[WhiteTeam "SK Ettlingen"]
[BlackTeam "SF Köln-Mülheim"]

1. e4 c5 2. Nc3 a6 3. g3 b5 4. Bg2 Bb7 5. d3 Nc6 6. f4 g6 7. Nf3 Bg7 8. Rb1 d6
9. Ne2 Qa5+ 10. Bd2 Qxa2 11. c3 Qa5 12. O-O e6 13. Qe1 Nge7 14. g4 O-O-O 15. b4
cxb4 16. cxb4 Qb6+ 17. Kh1 h6 18. Rc1 Kb8 19. e5 Nd5 20. exd6 Rxd6 21. Ng3 f5
22. Ne5 Nxe5 23. fxe5 Rdd8 24. Qe2 Qd4 25. Be1 Qxe5 26. Qxe5+ Bxe5 27. gxf5
exf5 28. Bd2 Rc8 29. Ne2 Rxc1 30. Rxc1 Rc8 31. Rxc8+ Kxc8 32. Bxh6 Nxb4 33. d4
Bd6 34. Nf4 Bxf4 35. Bxf4 Bxg2+ 36. Kxg2 Nd5 37. Bc1 b4 38. Kf3 b3 39. h4 Nc3
40. Kf4 Ne2+ 0-1

[Event "SF Köln-Mülheim-SK Ettlingen"]
[Site "Naumburg"]
[Date "2010.12.28"]
[Round "3.2"]
[White "Eigemann, Frederik"]
[Black "Schwingen, Dominik"]
[Result "1-0"]
[WhiteElo "1998"]
[BlackElo "1703"]
[PlyCount "73"]
[EventDate "2010.??.??"]
[WhiteTeam "SF Köln-Mülheim"]
[BlackTeam "SK Ettlingen"]

1. d4 {[%emt 0:00:00]} e6 {[%emt 0:00:02]} 2. e3 {[%emt 0:00:00]} d5 {
[%emt 0:00:03]} 3. Bd3 Nf6 4. f4 c5 5. c3 Nc6 6. Nd2 Be7 7. Ngf3 Bd7 8. O-O O-O
9. Qe1 cxd4 10. exd4 h6 11. Ne5 Rc8 12. h3 Kh8 13. Ndf3 Bd6 14. g4 Bxe5 15.
fxe5 Nh7 16. Qg3 Be8 17. Nh4 Kg8 18. Ng2 Qe7 19. Bb1 Ng5 20. Nf4 Qd8 21. Kh2
Qe7 22. Kg2 Nb8 23. Be3 Bb5 24. Rh1 Bc6 25. h4 Ne4 26. Bxe4 dxe4 27. g5 Kh7 28.
Raf1 Nd7 29. Qg4 Bb5 30. Rf2 Nb6 31. Nh5 Rg8 32. Kh2 Bc6 33. gxh6 gxh6 34. Nf6+
Kh8 35. Qh5 Rg6 36. Bxh6 Rxf6 37. Bg5+ 1-0

[Event "SF Köln-Mülheim-SK Ettlingen"]
[Site "Naumburg"]
[Date "2010.12.28"]
[Round "3.4"]
[White "Rahmen, Christian"]
[Black "Wendling, Lukas"]
[Result "1/2-1/2"]
[WhiteElo "1507"]
[BlackElo "1436"]
[PlyCount "44"]
[EventDate "2010.??.??"]
[WhiteTeam "SF Köln-Mülheim"]
[BlackTeam "SK Ettlingen"]

1. d4 f5 2. c4 Nf6 3. Nc3 e6 4. g3 c6 5. Bg2 d5 6. Nf3 Be7 7. Bf4 Nbd7 8. O-O
O-O 9. cxd5 Nxd5 10. Nxd5 exd5 11. Qc2 Nf6 12. h4 Bd6 13. Ne5 Qc7 14. Bh3 Nh5
15. Kh1 Nxf4 16. gxf4 Bxe5 17. dxe5 Qe7 18. Rg1 Qxh4 19. Qc3 g6 20. Rg5 Qxf4
21. Rag1 Qa4 22. R5g3 Qe4+ 1/2-1/2

[Event "Heilbronner SV-SF 1974 Heinsberg"]
[Site "Naumburg"]
[Date "2010.12.28"]
[Round "3.2"]
[White "Mikeler, Marcel"]
[Black "Salzmann, Thomas"]
[Result "1-0"]
[WhiteElo "1377"]
[BlackElo "1708"]
[PlyCount "131"]
[EventDate "2010.??.??"]
[WhiteTeam "Heilbronner SV"]
[BlackTeam "SF 1974 Heinsberg"]

1. d4 d5 2. c4 c6 3. Nc3 Nf6 4. Nf3 e6 5. Bg5 h6 6. Bh4 dxc4 7. e3 g5 8. Bg3 b5
9. a4 Bb4 10. Nd2 Bxc3 11. bxc3 Bb7 12. Qf3 Nd5 13. Ne4 O-O 14. Nd6 Qa5 15. Rc1
Nxc3 16. Nxb7 Qb4 17. Rxc3 Qxc3+ 18. Kd1 Qb3+ 19. Kc1 c3 20. Qe2 Qa3+ 21. Kb1
bxa4 22. Nc5 Qb4+ 23. Ka2 a5 24. Qc2 a3 25. Na4 Na6 26. Bd3 Qb2+ 27. Nxb2 Nb4+
28. Kxa3 Nxc2+ 29. Bxc2 cxb2 30. Kxb2 f5 31. h4 f4 32. exf4 gxf4 33. Bh2 Rad8
34. Kc3 Rf6 35. Rb1 Rc8 36. Kc4 Rc7 37. g3 c5 38. dxc5 e5 39. Be4 Rd6 40. Bd5+
Kg7 41. gxf4 Rf6 42. f3 exf4 43. Rg1+ Kf8 44. Rg4 a4 45. Rxf4 Rxf4+ 46. Bxf4
Ra7 47. Kb4 a3 48. Ba2 Kg7 49. c6 Ra8 50. c7 Kg6 51. Bd5 a2 52. Bxa2 Kh5 53.
Be6 Kxh4 54. c8=Q Rxc8 55. Bxc8 h5 56. Bh2 Kg5 57. Kc4 h4 58. Kd4 h3 59. Bxh3
Kf6 60. Kd5 Kf7 61. Kd6 Kf8 62. Kd7 Kf7 63. Be5 Kf8 64. f4 Kf7 65. Be6+ Kf8 66.
Bd6+ 1-0

[Event "Heilbronner SV-SF 1974 Heinsberg"]
[Site "Naumburg"]
[Date "2010.12.28"]
[Round "3.3"]
[White "Meyers, Mark"]
[Black "Tunc, Devris"]
[Result "1-0"]
[WhiteElo "1676"]
[BlackElo "815"]
[PlyCount "77"]
[EventDate "2010.??.??"]
[WhiteTeam "SF 1974 Heinsberg"]
[BlackTeam "Heilbronner SV"]

1. c4 e5 2. Nc3 Nf6 3. Nf3 d6 4. g3 c6 5. d3 Be7 6. Bg2 O-O 7. O-O Be6 8. Rb1
Qc7 9. b4 d5 10. cxd5 Nxd5 11. Nxd5 Bxd5 12. Qc2 Nd7 13. Bd2 Rac8 14. Rfc1 Bd6
15. Qb2 Rfe8 16. e4 Be6 17. a4 a6 18. d4 exd4 19. Nxd4 Be5 20. f4 Bf6 21. f5
Bxf5 22. exf5 Qb6 23. Be3 Rxe3 24. a5 Qa7 25. Kh1 Rc3 26. Qxc3 Bxd4 27. Qb3 Nf6
28. Re1 Ng4 29. Bf3 Ne5 30. Re4 Nxf3 31. Qxf3 h6 32. Rbe1 Kf8 33. Qe2 Qa8 34.
Rxd4 b5 35. Qe4 Qa7 36. f6 g6 37. Qe7+ Qxe7 38. Rxe7 h5 39. Rdd7 1-0